000 00702nam a2200289Ia 4500
005 20260324130653.0
008 008 260324s9999 xx 000 0 eng d
020 _a9781315221342
037 _aEBOOK
040 _aCRL
040 _beng
040 _cCRL
041 _2eng
041 _aeng
084 _qCRL
100 _aVasudevan Lakshminarayanan; MarĂ­a L. Calvo
_91182655
245 0 _aOptical Waveguides
245 0 _bFrom Theory to Applied Technologies
260 _bTaylor and Francis
260 _c2007
365 _a
365 _b385
856 _uhttp://www.taylorfrancis.com/books/9781315221342
942 _cEBOOK
999 _c1779030
_d1779030